000 00647nam a2200229 a 4500
001 19928
003 CO-ViMGA
008 141112s2004 ck r 000 u spa d
020 _a95080206404
040 _aCO-ViMGA
_bspa
_cCO-ViMGA
082 0 4 _a301.1583 G172g
100 1 _aGarcía, Dora
_928929
245 1 0 _aEl Grupo :
_bmetodos y tecnias participativas
250 _a2
260 _aBuenos Aires :
_bEditorial Espacio,
_c2001
300 _a137 p.
590 _aForma de adquisición : Premio Mincultura
650 1 4 _aDINAMICA DE GRUPOS
_922562
650 1 4 _aJUEGOS RECREATIVOS
650 1 4 _aRECREACION DIRIGIDA
_950224
942 _2ddc
_cBK
999 _c29050
_d29050